00562nam a2200205Ia 4500003000400000005001700004008004100021020002000062040000700082041000800089082001500097100002500112245011700137250000600254260003700260300001800297365001700315650001200332650001200344OSt20230511143730.0210423s2004 xx 000 0 und d a978-0-521-82126 cAL aeng a530.1 LONT aLONGAIR (Malcolms S) aTheoretical concepts in physics: concepts in physics Ed 2bAlternative view of theoretical reasoning in physics a2 aNew YorkbSpringer Pvt Ltdc2004 axvii,569pbPB b5746.46cGBP aPhysics aPhysics